000 00715nab a2200193 4500
001 244442
003 OSt
005 20250423073042.0
007 tu
008 200917s2020|||||||
040 _aDE-2950
_cDE-2950
245 0 0 _a100 Jahre Fritz Krause - ein Frankfurter Leben
_bStadtgeschichte. Fritz Krause wäre an diesem Sonntag 100 Jahre alt geworden. Vielen ist er als volksnaher beliebter OB in Erinnerung geblieben. Zugleich war er eine wichtige Stütze des Regimes in der DDR/
_cJörg Kotterba
264 _c2024
653 _aFrankfurt (Oder)
653 _aFritz Krause
653 _aBiografie
773 0 _g36. Jahrgang (2025) Nr. 87 vom 12.04.2025, S. 17 mit Foto
_tMärkische Oderzeitung
942 _2z
_cA
999 _c373721
_d373721